[Event "Steinfurt Bezirksliga 1213"]
[Site "Germany"]
[Date "2013.05.04"]
[Round "9.3"]
[White "Hokamp, Sascha"]
[Black "Just, Sergey"]
[Result "1-0"]
[WhiteElo "1910"]
[BlackElo "1711"]
[PlyCount "95"]
[EventDate "2012.09.22"]
[EventType "team-tourn"]
[EventRounds "9"]
[EventCountry "GER"]
[SourceTitle "EXT 2015"]
[Source "ChessBase"]
[SourceDate "2014.11.20"]
[SourceVersion "1"]
[SourceVersionDate "2014.11.20"]
[SourceQuality "1"]
[WhiteTeam "Reckenfeld"]
[BlackTeam "Steinfurt II"]
[WhiteTeamCountry "GER"]
[BlackTeamCountry "GER"]

1. d4 d5 2. Nf3 Nf6 3. Bf4 e6 4. e3 Bd6 5. Bd3 Nbd7 6. 0-0 Bxf4 7. exf4 c5 8. f5 cxd4 9. fxe6 fxe6 10. Nxd4 Kf7 11. c4 Ne5 12. cxd5 Qxd5 13. Nc3 Qd7 14. Bb5 Qc7 15. Nf3 a6 16. Nxe5+ Qxe5 17. Bc4 Qf4 18. Qe2 b5 19. Bb3 h5 20. Rae1 Re8 21. g3 Qf5 22. Bc2 Qg4 23. Qe5 Bb7 24. Be4 Nxe4 25. Nxe4 Bxe4 26. Rxe4 Qg6 27. Rfe1 Qh6 28. Qc7+ Kg8 29. Qc6 Kf7 30. b3 g5 31. f4 gxf4 32. Rxf4+ Kg8 33. Rfe4 Kf7 34. Kg2 Qd2+ 35. R1e2 Qd5 36. Qxd5 exd5 37. Rxe8 Rxe8 38. Rxe8 Kxe8 39. Kf3 Kf7 40. Ke3 Kf6 41. Kd4 Kf5 42. h3 Ke6 43. a4 bxa4 44. bxa4 a5 45. g4 h4 46. g5 Kf5 47. Kxd5 Kxg5 48. Ke4 1-0

[Event "Steinfurt Bezirksliga 1011"]
[Site "Germany"]
[Date "2011.01.22"]
[Round "4.3"]
[White "Just, Sergey"]
[Black "Hartmann, Viktor"]
[Result "1/2-1/2"]
[WhiteElo "1719"]
[BlackElo "1686"]
[PlyCount "107"]
[EventDate "2010.10.02"]
[EventType "team-tourn"]
[EventRounds "9"]
[EventCountry "GER"]
[SourceTitle "EXT 2012"]
[Source "ChessBase"]
[SourceDate "2011.11.24"]
[SourceVersion "1"]
[SourceVersionDate "2011.11.24"]
[SourceQuality "1"]
[WhiteTeam "Steinfurt II"]
[BlackTeam "Ibbenbueren II"]
[WhiteTeamCountry "GER"]
[BlackTeamCountry "GER"]

1. d4 d5 2. Nf3 h6 3. Bf4 Nf6 4. e3 Bf5 5. Bd3 Bxd3 6. Qxd3 c6 7. h3 e6 8. Nbd2 Nbd7 9. 0-0 Be7 10. Rac1 0-0 11. c4 Rc8 12. c5 Nh5 13. Bh2 f5 14. Ne5 Nxe5 15. Bxe5 Nf6 16. a3 Qe8 17. Kh2 Qh5 18. f3 Nd7 19. Bf4 g5 20. g4 Qf7 21. Bg3 f4 22. Bf2 e5 23. e4 Rcd8 24. Nb1 Bf6 25. exd5 Qxd5 26. Nc3 Qf7 27. Ne4 Bg7 28. b4 exd4 29. Nd6 Qd5 30. Kg2 Ne5 31. Qe4 Qxe4 32. Nxe4 Nd3 33. Rc2 Nxf2 34. Rcxf2 Rd5 35. Rd1 Be5 36. Rd3 Kf7 37. Kf1 Ke6 38. Ke2 a5 39. Rb3 axb4 40. axb4 Ra8 41. Kd3 Ra1 42. Rbb2 Rd8 43. Rfe2 Kd5 44. Nd2 Rda8 45. Nc4 Rd1+ 46. Rbd2 Rxd2+ 47. Rxd2 Bc7 48. Re2 Ra1 49. Re4 Rd1+ 50. Kc2 Rf1 51. Nd2 Rf2 52. Re7 Be5 53. Rxb7 Rh2 54. Re7 1/2-1/2

[Event "Steinfurt Bezirksliga 0910"]
[Site "Germany"]
[Date "2010.05.15"]
[Round "9.5"]
[White "Just, Sergey"]
[Black "Koczy, Willibald"]
[Result "1/2-1/2"]
[WhiteElo "1673"]
[BlackElo "1454"]
[PlyCount "85"]
[EventDate "2009.09.12"]
[EventType "team-tourn"]
[EventRounds "9"]
[EventCountry "GER"]
[SourceTitle "EXT 2011"]
[Source "ChessBase"]
[SourceDate "2010.11.26"]
[SourceVersion "1"]
[SourceVersionDate "2010.11.26"]
[SourceQuality "1"]
[WhiteTeam "Steinfurt II"]
[BlackTeam "Ibbenbueren II"]
[WhiteTeamCountry "GER"]
[BlackTeamCountry "GER"]

1. d4 Nf6 2. Nf3 d6 3. c4 g6 4. Nc3 Bg7 5. e3 0-0 6. Be2 Bg4 7. h3 Bxf3 8. Bxf3 c6 9. 0-0 Nbd7 10. Bd2 Rb8 11. b4 e5 12. Qa4 Nb6 13. Qb3 exd4 14. exd4 Re8 15. b5 d5 16. cxd5 Nfxd5 17. Bxd5 cxd5 18. Bf4 Rc8 19. Rad1 Nc4 20. Rd3 b6 21. Rc1 Na5 22. Qd1 Qd7 23. Qf3 h5 24. Kh2 Red8 25. Re1 Nc4 26. Bg5 Qd6+ 27. Kg1 Re8 28. Rxe8+ Rxe8 29. Bf4 Qe6 30. Nxd5 Rd8 31. Ne3 Bxd4 32. Nxc4 Qxc4 33. Rd2 Rc8 34. Qe2 Qxe2 35. Rxe2 Kg7 36. Kh1 Ra8 37. f3 Bc5 38. Be5+ Kg8 39. Rd2 Kf8 40. Rd7 Ke8 41. Rb7 a6 42. Bc7 axb5 43. Bxb6 1/2-1/2

[Event "Steinfurt Bezirksliga 0809"]
[Site "Germany"]
[Date "2008.11.22"]
[Round "3.5"]
[White "Boerger, Andreas1111"]
[Black "Just, Sergey"]
[Result "1-0"]
[WhiteElo "1612"]
[BlackElo "1679"]
[PlyCount "125"]
[EventDate "2008.09.27"]
[EventType "team-tourn"]
[EventRounds "9"]
[EventCountry "GER"]
[SourceTitle "EXT 2010"]
[Source "ChessBase"]
[SourceDate "2010.11.25"]
[SourceVersion "1"]
[SourceVersionDate "2010.11.25"]
[SourceQuality "1"]
[WhiteTeam "Reckenfeld"]
[BlackTeam "Steinfurt II"]
[WhiteTeamCountry "GER"]
[BlackTeamCountry "GER"]

1. e4 e5 2. Nf3 Nc6 3. Bb5 Bc5 4. 0-0 d6 5. d4 exd4 6. Nxd4 Bd7 7. Nb3 Bb6 8. Nc3 h6 9. Nd5 Nge7 10. Nxb6 axb6 11. f4 f5 12. Qh5+ g6 13. Qe2 Na5 14. exf5 Bxb5 15. Qxb5+ c6 16. Qe2 Nxb3 17. cxb3 gxf5 18. Re1 Qd7 19. Bd2 Rh7 20. a4 h5 21. Bc3 Kf8 22. Qe6 Qxe6 23. Rxe6 Rd8 24. Bf6 Rd7 25. Rae1 Nd5 26. Bg5 Kf7 27. Kf2 Kf8 28. Kf3 Nc7 29. R6e2 Rhf7 30. Bh6+ Kg8 31. h3 Kh7 32. Bg5 Nd5 33. Re6 Kg8 34. Rg6+ Rg7 35. Rge6 Nc7 36. Rh6 Rh7 37. Rf6 Rhf7 38. Rg6+ Rg7 39. Rh6 Rh7 40. Rxh7 Kxh7 41. Re7+ Rxe7 42. Bxe7 d5 43. Bd8 Na8 44. g4 hxg4+ 45. hxg4 fxg4+ 46. Kxg4 Kg6 47. f5+ Kf7 48. Kf4 Ke8 49. Bg5 Nc7 50. Ke5 Kf7 51. Bd8 Na6 52. Bxb6 Nb4 53. Bd4 Nc2 54. Bc3 Na1 55. b4 Nb3 56. Kd6 d4 57. Be1 d3 58. Kc7 c5 59. Kxb7 cxb4 60. Bxb4 d2 61. Bxd2 Nc5+ 62. Kc6 Nxa4 63. Bc3 1-0

[Event "Muensterland Verbandsklasse-B 0607"]
[Site "Germany"]
[Date "2007.01.20"]
[Round "5.8"]
[White "Just, Sergey"]
[Black "Jacob, Barbara"]
[Result "0-1"]
[WhiteElo "1629"]
[BlackElo "1650"]
[PlyCount "56"]
[EventDate "2006.09.23"]
[EventType "team"]
[EventRounds "9"]
[EventCountry "GER"]
[SourceTitle "EXT 2008"]
[Source "ChessBase"]
[SourceDate "2007.11.25"]
[SourceVersion "1"]
[SourceVersionDate "2007.11.25"]
[SourceQuality "1"]
[WhiteTeam "Steinfurt"]
[BlackTeam "Ochtrup"]
[WhiteTeamCountry "GER"]
[BlackTeamCountry "GER"]

1. d4 Nf6 2. Nf3 d5 3. Bg5 Ne4 4. Bf4 e6 5. Nbd2 Bd6 6. e3 Bxf4 7. exf4 Nf6 8. Bd3 0-0 9. 0-0 b6 10. Ne5 c5 11. c3 cxd4 12. cxd4 Bb7 13. Rc1 Qd6 14. a3 Nc6 15. Ndf3 Rac8 16. Qa4 Na5 17. b4 Bc6 18. Qd1 Nc4 19. Nxc6 Rxc6 20. Ne5 Rc7 21. Rc3 Rfc8 22. Bxc4 dxc4 23. g3 Nd5 24. Rc2 b5 25. Qe2 Qa6 26. Ra1 Nxb4 27. Rb2 Nd5 28. a4 b4 0-1

[Event "Steinfurt Bezirksliga 0506"]
[Site "Germany"]
[Date "2006.04.29"]
[Round "9.2"]
[White "Beekhuis, Maarten"]
[Black "Just, Sergey"]
[Result "1-0"]
[WhiteElo "1630"]
[BlackElo "1531"]
[PlyCount "43"]
[EventDate "2005.09.24"]
[EventType "team-tourn"]
[EventRounds "9"]
[EventCountry "GER"]
[SourceTitle "EXT 2006"]
[Source "ChessBase"]
[SourceDate "2005.11.24"]
[SourceVersion "1"]
[SourceVersionDate "2005.11.24"]
[SourceQuality "1"]
[WhiteTeam "Emsdetten Turm III"]
[BlackTeam "Steinfurt II"]
[WhiteTeamCountry "GER"]
[BlackTeamCountry "GER"]

1. e4 e5 2. Nf3 Nc6 3. Bb5 Bc5 4. 0-0 Nge7 5. Nxe5 Bxf2+ 6. Rxf2 Nxe5 7. d4 N5g6 8. Qf3 0-0 9. Bc4 Qe8 10. Nc3 a6 11. e5 Nh8 12. Ne4 Nc6 13. Bg5 Nxd4 14. Qe3 Ne6 15. Nf6+ gxf6 16. Bxf6 d5 17. exd6 cxd6 18. Qh6 Qd7 19. Rf5 Ng6 20. Rh5 Re8 21. Qxh7+ Kf8 22. Qh8+ 1-0

[Event "Steinfurt Bezirksklasse 0304"]
[Site "Germany"]
[Date "2003.12.06"]
[Round "4.7"]
[White "Just, Sergey"]
[Black "Burton, Christopher"]
[Result "1-0"]
[WhiteElo "1288"]
[BlackElo "1227"]
[PlyCount "39"]
[EventDate "2003.09.27"]
[EventType "team-tourn"]
[EventRounds "11"]
[EventCountry "GER"]
[SourceTitle "EXT 2005"]
[Source "ChessBase"]
[SourceDate "2004.11.15"]
[SourceVersion "1"]
[SourceVersionDate "2004.11.15"]
[SourceQuality "1"]
[WhiteTeam "Steinfurt III"]
[BlackTeam "Westerkappeln II"]
[WhiteTeamCountry "GER"]
[BlackTeamCountry "GER"]

1. d4 d5 2. c4 Nf6 3. Nc3 c6 4. Bg5 e6 5. e3 Be7 6. Nf3 0-0 7. Rc1 Nbd7 8. Bd3 g6 9. 0-0 Qc7 10. Qb3 e5 11. cxd5 Qd6 12. dxe5 Nxe5 13. Nxe5 Qxe5 14. Bf4 Qh5 15. dxc6 Be6 16. Bc4 Bxc4 17. Qxc4 Rac8 18. Qb5 bxc6 19. Qxh5 Nxh5 20. Ne2 1-0